000 00609nam a2200241 i 4500
001 C2-0265317
003 PPAK
005 20180727233341.0
008 050619s2000 enk |||| ||||| | eng d
020 _a0006754163
040 _aPPAK
_beng
_cPPAK
_erda
082 0 4 _a823
_223
090 0 0 _a823
_bSHA
_dG
100 1 _aShan, Darren,
_eauthor
245 1 0 _aCirque du freak
264 1 _aLondon :
_bHarpercollins ,
_c2000
300 _a182 pages ;
_c20 cm
336 _2rdacontent
_atext
337 _2rdamedia
_aunmediated
338 _2rdacarrier
_avolume
650 1 0 _aEnglish fiction
942 _ddc
_cB
999 _c74917
_d74917